| 000 | 00464nam a22001577a 4500 | ||
|---|---|---|---|
| 003 | macl | ||
| 005 | 20200207132116.0 | ||
| 008 | 200207b xxu||||| |||| 00| 0 eng d | ||
| 040 | _cmacl | ||
| 082 | _a920/SIN | ||
| 100 |
_aसिंह ,सुतिंदर _978064 |
||
| 245 | _aअमृता प्रीतम | ||
| 260 |
_aदिल्ली _bसाहित्य अकादमी _c2015 |
||
| 650 |
_aजीवनी _97943 |
||
| 942 |
_2ddc _cHIN |
||
| 999 |
_c61971 _d61971 |
||